000
00241 a2200097 4500
001
35657
100
_a
Stanleg William
245
_a
Operational amplifiers with linear integrated circuit
260
_a
_b
Merrill P
_c
090
_c
23443
_d
23443
942
_a
NUST-CAE
_c
M
_c
14940
999
_c
270730
_d
270730